000 01810nam a2200373 i 4500
001 60969
003 ES-MaACL
005 20250701014722.0
007 t|
008 031107s1976 sp ||||1| spa d
020 _a84-323-0103-5
080 _a1 Marx, Karl
080 _a330.852(04)
245 0 0 _aEstudios sobre el capital /
_cMaurice Dobb, Giulio Pietranera, Nicos Poulantzas, Vittorio Rieser, Rodolfo Banfi ; [traductores, Jose Aricó, Ofelia Castillo, Juan José Real].
250 _a3ª ed. en español.
260 _aMadrid :
_bSiglo XXI de España,
_c1976.
300 _aXIII, 193 p. ;
_c21 cm.
490 1 _aTeoría
504 _aReferencias bibliográficas.
505 8 _aContiene: "El capital" de Marx y su lugar en el pensamiento económico / Maurice Dobb . La estructura lógica de "El capital" / Giulio Pietranera . Teoría e historia en la interpretación de "El capital" / Nicos Poulantzas . La "apariencia" del capitalismo en el análisis de Marx / Vittorio Rieser . Un pseudo-problema: la teoría del valor-trabajo como base de los precios de equilibrio / Rodolfo Banfi . Glosas marginales al "Tratado de economía política" de Adolph Wagner ; Síntesis de los descubrimientos de Marx en economía / Karl Marx
600 1 4 _aMarx, Karl,
_d1818-1883.
_tEl capital
_978593
600 1 4 _aWagner, Adolph.
_9115834
650 4 _aEconomía marxista.
_912033
700 1 _aDobb, Maurice.
_944930
700 1 _aPoulantzas, Nicos.
_993436
700 1 _aMarx, Karl,
_d1818-1883
_978590
700 1 _aAricó, José.
_922814
700 1 _aCastillo, Ofelia.
_936710
700 1 _aReal, Juan José.
_995678
740 0 2 _aGlosas marginales al "Tratado de economía política" de Adolph Wagner.
830 1 _aTeoría
_9177535
852 _aES-MaACL
_jA-6326
999 _c60969
_d60969